Learning Resource and Development

5 steps to a 5 : (Record no. 26744)

MARC details
000 -LEADER
fixed length control field 01231nam a2200313 i 4500
003 - CONTROL NUMBER IDENTIFIER
control field CSPC
005 - DATE AND TIME OF LATEST TRANSACTION
control field 20231219095032.0
008 - FIXED-LENGTH DATA ELEMENTS--GENERAL INFORMATION
fixed length control field 231215s2021 nyua 000 0 eng
020 ## - INTERNATIONAL STANDARD BOOK NUMBER
International Standard Book Number 9781260468144
040 ## - CATALOGING SOURCE
Transcribing agency CSPC
Original cataloging agency CSPC
Language of cataloging eng
050 #4 - LIBRARY OF CONGRESS CALL NUMBER
Classification number PL1071
082 04 - DEWEY DECIMAL CLASSIFICATION NUMBER
Classification number 495.1076
Item number L973f
100 1# - MAIN ENTRY--PERSONAL NAME
Personal name Luo, JianMin,
Relator term author.
245 10 - TITLE STATEMENT
Title 5 steps to a 5 :
Remainder of title AP Chinese language and culture /
Statement of responsibility, etc. JianMin Luo.
250 ## - EDITION STATEMENT
Edition statement Third edition
264 #1 - PRODUCTION, PUBLICATION, DISTRIBUTION, MANUFACTURE, AND COPYRIGHT NOTICE
Place of production, publication, distribution, manufacture New York :
Name of producer, publisher, distributor, manufacturer McGraw Hill,
Date of production, publication, distribution, manufacture, or copyright notice 2021.
300 ## - PHYSICAL DESCRIPTION
Extent x, 342 pages ;
Other physical details illustrations ;
Dimensions 28 cm. +
Accompanying material 1 DVD (4 3/4 in.)
336 ## - CONTENT TYPE
Source rdacontent
Content type term text
337 ## - MEDIA TYPE
Source rdamedia
Media type term unmediated
338 ## - CARRIER TYPE
Source rdacarrier
Carrier type term volume
490 0# - SERIES STATEMENT
Series statement 5 steps to a 5
505 0# - FORMATTED CONTENTS NOTE
Formatted contents note Set up your study program -- Determine your test readiness -- Develop strategies for success -- Review the knowledge you need to score high -- Build your test-taking confidence.
650 #0 - SUBJECT ADDED ENTRY--TOPICAL TERM
Topical term or geographic name entry element Chinese language.
650 #0 - SUBJECT ADDED ENTRY--TOPICAL TERM
Topical term or geographic name entry element Chinese language
Form subdivision Examinations.
650 #0 - SUBJECT ADDED ENTRY--TOPICAL TERM
Topical term or geographic name entry element Advanced placement programs (Education)
Form subdivision Examinations.
655 ## - INDEX TERM--GENRE/FORM
Genre/form data or focus term Study guides.
942 ## - ADDED ENTRY ELEMENTS (KOHA)
Source of classification or shelving scheme Dewey Decimal Classification
Koha item type Books
Classification part 495.1076
Call number prefix CIR
Call number suffix 2021
Suppress in OPAC No
Holdings
Withdrawn status Lost status Source of classification or shelving scheme Damaged status Not for loan Home library Current library Shelving location Date acquired Total Checkouts Full call number Barcode Date last seen Copy number Price effective from Koha item type
    Dewey Decimal Classification     Main Library Main Library Circulation Section 12/15/2023   CIR 495.1076 L973f 2021 026615 12/15/2023 1-1 12/15/2023 Books